|
|
|
|
| LEADER |
00000cam a22000004a 4500 |
| 001 |
musev2_20544 |
| 003 |
MdBmJHUP |
| 005 |
20230905042208.0 |
| 006 |
m o d |
| 007 |
cr||||||||nn|n |
| 008 |
121124s2012 ncu o 00 0 eng d |
| 020 |
|
|
|a 9781469607863
|
| 020 |
|
|
|z 9781469607849
|
| 020 |
|
|
|z 9781469607856
|
| 035 |
|
|
|a (OCoLC)818846388
|
| 040 |
|
|
|a MdBmJHUP
|c MdBmJHUP
|
| 043 |
|
|
|a n-us---
|
| 050 |
|
4 |
|a E444
|b .B18
|
| 100 |
1 |
|
|a Ball, Charles,
|d b. 1781?
|
| 245 |
1 |
0 |
|a Fifty Years in Chains :
|b Or, the Life of an American Slave /
|c by Charles Ball.
|
| 264 |
|
1 |
|a Chapel Hill :
|b distributed by University of North Carolina Press,
|c 2012.
|
| 264 |
|
3 |
|a Baltimore, Md. :
|b Project MUSE,
|c 2013
|
| 264 |
|
4 |
|c ©2012.
|
| 300 |
|
|
|a 1 online resource (240 pages).
|
| 336 |
|
|
|a text
|b txt
|2 rdacontent
|
| 337 |
|
|
|a computer
|b c
|2 rdamedia
|
| 338 |
|
|
|a online resource
|b cr
|2 rdacarrier
|
| 500 |
|
|
|a "DocSouth books edition"
|
| 588 |
|
|
|a Description based on print version record.
|
| 600 |
1 |
0 |
|a Ball, Charles,
|d b. 1781?
|
| 650 |
|
0 |
|a Slavery
|z United States
|x History.
|
| 650 |
|
0 |
|a African Americans
|v Biography.
|
| 650 |
|
0 |
|a Slaves
|z United States
|v Biography.
|
| 655 |
|
7 |
|a Electronic books.
|2 local
|
| 710 |
2 |
|
|a University of North Carolina at Chapel Hill.
|b Documenting the American South (Project)
|
| 710 |
2 |
|
|a Project Muse.
|
| 710 |
2 |
|
|a Project Muse.
|e distributor
|
| 830 |
|
0 |
|a Book collections on Project MUSE.
|
| 856 |
4 |
0 |
|z Texto completo
|u https://projectmuse.uam.elogim.com/book/20544/
|
| 945 |
|
|
|a Project MUSE - Custom Collection
|
| 945 |
|
|
|a Project MUSE - 2012 Complete Supplement
|
| 945 |
|
|
|a Project MUSE - 2012 History Supplement
|